Diccionario estudiantil del español (Registro nro. 10424)
[ vista simple ]
| 000 -LIDER | |
|---|---|
| fixed length control field | 00571nam a22002177a 4500 |
| 001 - NÚMERO DE CONTROL | |
| Identificador de número de control | 00556 |
| 003 - IDENTIFICACDOR DE NÚMERO DE CONTROL | |
| control field | DO-SdBNP |
| 005 - DATE AND TIME OF LATEST TRANSACTION | |
| control field | 20220525083755.0 |
| 007 - CAMPOS FIJOS DE DESCRIPCIÓN FÍSICA | |
| fixed length control field | 00556 |
| 008 - ELEMENTOS DE LONGITUD FIJA | |
| fixed length control field | 160616b20uu dr ||||| |||| 00| 0 spa d |
| 020 ## - ISBN | |
| International Standard Book Number | 9788430598472 |
| 040 ## - FUENTE DE CATALOGACIÓN | |
| Agencia que crea de manera original el registro | BPMSU |
| Idioma de catalogación | spa |
| Agencia que realiza la transcripción | BPMSU |
| 082 ## - NÚMERO DE CLASIFICACIÓN DECIMAL DE DEWEY | |
| Classification number | R-370.03 |
| Item number | D545e |
| Edition number | 22 |
| 245 ## - MENCIÓN DE TITULO | |
| Título | Diccionario estudiantil del español |
| 260 ## - PUBLICACIÓN, DISTRIBUCIÓN, ETC. (PIE DE IMPRENTA) | |
| Lugar de publicación, distribución, etc | Santo Domingo : |
| Nombre del editor, distribuidor, etc. | Susaeta, |
| Fecha de publicación, distribución, etc | [200-?] |
| 300 ## - DESCRIPCIÓN FÍSICA | |
| Extensión | 712, xxxii p. : |
| Dimensiones | 17 cm. |
| 650 #4 - ENCABEZAMIENTO DE MATERIA--TEMÁTICO | |
| Término temático o nombre geográfico como elemento de entrada | Educación |
| Subdivisión de forma | Diccionarios |
| Subdivisión temática general | |
| 650 #4 - ENCABEZAMIENTO DE MATERIA--TEMÁTICO | |
| Término temático o nombre geográfico como elemento de entrada | Español |
| Subdivisión de forma | Diccionarios |
| 910 ## - VALIDACIÓN | |
| Validación | VMateo V. |
| 942 ## - ADDED ENTRY ELEMENTS (KOHA) | |
| Source of classification or shelving scheme | Dewey Decimal Classification |
| Koha item type | Libros |
| Withdrawn status | Lost status | Source of classification or shelving scheme | Damaged status | Not for loan | Collection code | Home library | Current library | Date acquired | Source of acquisition | Full call number | Barcode | Date last seen | Price effective from | Koha item type | Total Checkouts | Copy number |
|---|---|---|---|---|---|---|---|---|---|---|---|---|---|---|---|---|
| Dewey Decimal Classification | Colección de Referencia General | Biblioteca Pública Metropolitana Salomé Ureña | Biblioteca Pública Metropolitana Salomé Ureña | 06/16/2016 | Laura García | BPMSU CDR R370.03 D545e | BPMSU16060230 | 06/16/2016 | Libros | |||||||
| Dewey Decimal Classification | Colección Juvenil General | Biblioteca Pública Metropolitana Salomé Ureña | Biblioteca Pública Metropolitana Salomé Ureña | 02/13/2017 | Donación | BPMSU17020027 | 02/13/2017 | 02/13/2017 | Libros | ej. 2 |